[Event "EU-ch 2nd"]
[Site "Ohrid"]
[Date "2001.06.02"]
[Round "2"]
[White "Nataf, Igor Alexandre"]
[Black "Mchedlishvili, Mikheil"]
[Result "1-0"]
[WhiteElo "2552"]
[BlackElo "2416"]
[Annotator "Finkel,A"]
[PlyCount "69"]
[EventDate "2001.06.01"]
[EventType "swiss"]
[EventRounds "13"]
[EventCountry "YUG"]
[SourceTitle "CBM 084"]
[Source "ChessBase"]
[SourceDate "2001.09.13"]
[SourceVersion "1"]
[SourceVersionDate "2001.09.13"]
[SourceQuality "1"]

1. e4 e6 2. d4 d5 3. Nc3 dxe4 4. Nxe4 Nd7 5. Nf3 Ngf6 6. Bg5 h6 7. Nxf6+ Nxf6
8. Bh4 c5 9. Bc4 a6 (9... cxd4 10. O-O (10. Qxd4 Qxd4 11. Nxd4 a6 12. a4 Bd7
13. f3 Rc8 14. Bb3 Bc5 15. O-O-O Rd8 $11 {Dutreeuw,M-Arkhipov,S/Miskolc 1990/1/
2-1/2 (75)}) 10... Bc5 (10... Be7 11. Qe2 O-O (11... a6 12. Rad1 b5 $6 13. Bb3
Nd7 $6 14. Qe4 $1 $16 {Morozevich,A-Ulibin,M/Maikop 1998/CBM 66}) 12. Rad1 Qb6
13. Rxd4 Qxb2 14. Rfd1 b5 15. Bb3 Bb7 $13 {Al Modiahki,M-Radjabov,T/Open 1999})
11. Qe2 O-O 12. Rad1 Qb6 13. Bxf6 gxf6 14. Nxd4 Qxb2 15. Rd3 $40 {[%cal Gd3g3,
Ge2h5] Kling,T-Vuksanovic,S/Erevan olw 1996}) 10. O-O (10. Qe2 b5 11. Bd3 g5
12. Bg3 c4 13. Be4 Nxe4 14. Qxe4 Qd5 15. Qxd5 exd5 $13 {Svidler,P-Bareev,E/
Wydra mem rapidplay 2000}) 10... cxd4 (10... Be7 11. Bb3 (11. a4 O-O 12. Qe2
cxd4 13. Rad1 Qb6 $13 {Bologan,V-Gurevich,M/Saint Pierre 2000/CBM 80}) 11...
cxd4 12. Nxd4 O-O 13. Re1 Bc5 14. c3 Bd7 15. Rc1 Re8 16. Rc2 Bxd4 17. Qxd4 $14
{Luther,T-Gurevich,M/Ohrid 2001/CBM 84}) 11. Nxd4 {A new approuch to the
position: white is ready to trade queens and to fight for opening advantage
without it!} (11. Qe2 $5 b5 12. Bb3 Bb7 13. Rad1 Bc5 14. Nxd4 Bxd4 15. c3 $14 {
[%cal Gd1d8]}) 11... Bc5 12. Nf3 Qxd1 (12... O-O 13. Qe2 b5 14. Rad1 Qc7 15.
Bd3 Bb7 $132) 13. Raxd1 b5 $6 {Weakening square c6, which proves to be very
important as the game goes on.} (13... Ke7 $5) 14. Bb3 Nd7 $5 (14... Bb7 15.
Ne5 (15. Rfe1 Bxf3 16. gxf3 g5 17. Bg3 Ke7 18. f4 Rad8 $13) 15... Nd5 (15... g5
16. Bg3 Ne4 17. Nxf7 $1 $16 {[%cal Gd1d7]}) 16. Rfe1 O-O 17. Nd7 Rfc8 18. Nxc5
Rxc5 19. Bg3 $14) 15. Rfe1 Be7 (15... O-O 16. c3 $14 {[%csl Rc8,Rd8]}) 16. Bxe7
Kxe7 17. Nd4 Nc5 $6 {Another inaccuracy permitting white to get serious
advantage.} (17... Kf6 18. c3 (18. Re3 $6 Nc5 19. Rf3+ Kg6 20. Rc3 Nxb3 21.
Nxb3 Bb7 $11 {[%csl Rg1][%cal Gh8d8]}) 18... Nc5 (18... Nb6) 19. Bc2 Bb7 20. b4
Na4 21. Bxa4 bxa4 22. c4 Rhc8 $132) 18. Bd5 $1 Bb7 19. Bxb7 Nxb7 20. Nc6+ Ke8
$8 (20... Kf6 21. Rd3 Rhf8 22. Rf3+ Kg5 23. Rg3+ Kf6 24. Ne5 $16 {[%csl Rf7,
Rg7]}) 21. Ne5 $1 Rd8 22. Rxd8+ Nxd8 23. Rd1 $16 {[%csl Ra6,Rb5,Rh8]} Ke7 (
23... g5 $2 24. Rxd8+ Kxd8 25. Nxf7+ $18) 24. Kf1 h5 $6 (24... g5 25. Ke2 Re8
26. Ke3 Kf6 27. Nd7+ Kg6 28. Rd6 a5 29. Ra6 $16) 25. Ke2 Kf6 26. Nd7+ Ke7 27.
Nb8 $1 a5 28. Rd7+ Kf6 29. Ra7 e5 $6 (29... a4 30. c4 bxc4 31. Rxa4 Nb7 32.
Nd7+ Ke7 33. Ne5 $18) 30. Ra8 $1 $18 Rh6 31. Rxa5 Ne6 32. Ke3 Kf5 33. Rxb5 Nd4
34. Rb7 Rd6 35. c3 1-0

[Event "Capablanca Memorial Elite 32nd"]
[Site "Cienfuegos"]
[Date "1997.05.05"]
[Round "1"]
[White "Arencibia Rodriguez, Walter"]
[Black "Nogueiras Santiago, Jesus"]
[Result "1/2-1/2"]
[WhiteElo "2560"]
[BlackElo "2545"]
[Annotator "Finkel,A"]
[PlyCount "52"]
[EventDate "1997.05.05"]
[EventType "tourn"]
[EventRounds "11"]
[EventCountry "CUB"]
[EventCategory "12"]
[SourceTitle "CBM 059"]
[Source "ChessBase"]
[SourceDate "1997.08.01"]
[SourceVersion "1"]
[SourceVersionDate "1997.08.01"]
[SourceQuality "1"]

1. e4 e6 2. Nf3 d5 3. Nc3 dxe4 4. Nxe4 Nd7 5. d4 Ngf6 6. Nxf6+ Nxf6 7. Bd3 c5
8. O-O cxd4 9. Nxd4 Bc5 10. c3 $5 {Quiet rare continuation.Much more popular
is 10.Nb3.Let's see a few examples:} (10. Nb3 $5 Bd6 (10... Be7 11. c3 Bd7 12.
Qc2 O-O 13. Bg5 h6 14. Bh4 Rc8 $6 (14... Qc7 15. Bg3 Bd6 16. Rad1 Bxg3 17. hxg3
Rad8 $11) 15. Rad1 Qc7 16. Bg3 $14 {Erhan,R-De Blecourt,S/WchJW U14 Duisburg
1992/1-0 (51)}) 11. Bg5 (11. Qf3 $5 Qc7 12. h3 Bd7 13. Nd4 Be5 $5 14. Nb5 Qb8
15. Re1 a6 16. Nc3 Bc6 $13 {Kuzmin,G-Chernin,A/Irkutsk 1983 (40)}) 11... h6 (
11... Bd7 12. Qe2 (12. a4 $5 Qc7 13. h3 Bh2+ 14. Kh1 Be5 15. c3 h6 16. Bd2 $14
{Tseshkovsky,V-Doroshkievich,V/Rostov op 1993 (42)}) 12... Qc7 13. Kh1 Be5 14.
c3 h6 15. Bd2 Bf4 16. Rad1 O-O $11 {Nielsen,P-Pushkov,N/Azov 1993 (22)}) 12.
Bh4 Qc7 13. Bg3 $5 Bxg3 14. hxg3 O-O 15. Qe2 e5 $1 16. Nd2 Bg4 17. f3 Bd7 $11 {
Suetin,A-Speelman,J/London Lloyds 1991/0-1 (50)}) (10. Be3 $5 Bb6 11. Qd2 (11.
c3 $5 O-O 12. Re1 Re8 13. Nb5 $5 Bxe3 14. Rxe3 Qe7 15. Qf3 a6 16. Nd4 $14 {
Beliavsky-Ehlvest/32nd Chess Olympiad, Yerevan 1996/1-0 (78)}) 11... O-O 12.
Nf3 Bxe3 13. Qxe3 b6 14. Ne5 Bb7 15. c4 Qe7 16. a3 Rfd8 $11 {Ljubojevic,
L-Seirawan,Y/Monaco Amber blind 1994/1/2-1/2 (57)}) (10. Nb5 a6 11. Nc3 Bd7 12.
Qe2 Bc6 13. Bg5 h6 14. Bxf6 Qxf6 15. Ne4 Qe7 16. Nxc5 Qxc5 $11 {1/2-1/2
Zaitsev,I-Pushkov,N/RUS-chT Podolsk 1992}) 10... O-O 11. Bg5 (11. Bf4 Bxd4 12.
cxd4 Bd7 13. Rc1 Bc6 14. Be5 Nd7 15. Qc2 h6 16. Bf4 {1/2-1/2 Payen
Arnaud-Dolgener Tobias/It (b) (cat.3), Budapest (Hungary) 1995}) 11... h6 12.
Bh4 Bxd4 $5 13. cxd4 Bd7 {Inspite of seeming simplicity this position is very
complicated and interesting.White has serious attacking chances,while black
has counterplay against isolated pawn on d4.} 14. Re1 Bc6 15. Re5 $1 {Covering
square d5.} (15. Bc2 Qd5 16. f3 Rad8 17. Bxf6 gxf6 18. Re4 f5 19. Rh4 Kg7 20.
Qd2 Rh8 $13) 15... Qe7 16. Bc2 Rfd8 17. Qd3 Rac8 18. Rae1 (18. Bxf6 $6 Qxf6 19.
Qh7+ Kf8 20. Rae1 g5 21. Qd3 Qf4 $15) 18... Rc7 19. h3 g5 $5 20. Rxg5+ $5 ({
After} 20. Bg3 Rcd7 21. Rd1 Rxd4 22. Qxd4 Rxd4 23. Rxd4 Nd5 $15 {black's
chances are preferable.}) 20... hxg5 21. Bxg5 Kf8 (21... Rd5 $5 22. Re5 (22.
Bxf6 $2 Qxf6 23. Qg3+ Rg5 $19) 22... Kf8 23. Qe3 Rcd7 24. Qf4 Rxd4 25. Qxf6
Qxf6 26. Bxf6 Rf4 27. Bg5 Rc4 $5 28. Bf6 Rxc2 (28... Rf4 $11) 29. Rh5 Rd1+ 30.
Kh2 Ke8 31. Rh8+ Kd7 32. Rd8+ Kc7 33. Rxd1 Rxf2 $15) 22. Qg3 Rxd4 $5 (22...
Rdc8 $2 23. Qe5 Qb4 24. Bxf6 Bxg2 25. Kxg2 Rxc2 26. Qh5 $18) 23. Qe5 Rd5 24.
Bxf6 Rxe5 25. Bxe7+ Kxe7 26. Rxe5 Bxg2 {Very short,but interesting game.}
1/2-1/2

[Event "EU-ch 2nd"]
[Site "Ohrid"]
[Date "2001.06.10"]
[Round "9"]
[White "Macieja, Bartlomiej"]
[Black "Anastasian, Ashot"]
[Result "1/2-1/2"]
[WhiteElo "2608"]
[BlackElo "2574"]
[Annotator "Finkel,A"]
[PlyCount "65"]
[EventDate "2001.06.01"]
[EventType "swiss"]
[EventRounds "13"]
[EventCountry "YUG"]
[SourceTitle "CBM 084"]
[Source "ChessBase"]
[SourceDate "2001.09.13"]
[SourceVersion "1"]
[SourceVersionDate "2001.09.13"]
[SourceQuality "1"]

1. e4 e6 2. d4 d5 3. Nc3 dxe4 4. Nxe4 Bd7 5. Nf3 Bc6 6. Bd3 Nd7 (6... Bxe4 7.
Bxe4 c6 8. O-O Nf6 9. Bd3 Nbd7 10. c4 Bd6 11. b3 O-O 12. Bb2 $14 {
Spassky-O'Kelly, San Juan 1969}) 7. O-O Ngf6 8. Nxf6+ Qxf6 9. Be2 (9. Bg5 Bxf3)
9... h6 $5 {Possible continuation, which proved itself in the following game.}
(9... Bd6 10. Bg5 (10. b3 O-O 11. c4 Be4 12. Bb2 Qh6 {1/2-1/2 Link,M-Peters,A/
Goch 1993/EXT 98 (12)}) (10. c4 Qf5 (10... Bxf3 11. Bxf3 c6 12. Be3 O-O 13. Qd2
h6 14. b4 e5 15. Rad1 Rad8 16. c5 exd4 17. Qxd4 Be5 18. Qc4 $14 {Malakhov,
V-McDonald,N/Budapest 1995/EXT}) 11. Re1 (11. Be3 O-O 12. Qd2 a5 13. Rad1 Bxf3
14. Bxf3 c6 15. Qd3 Qxd3 16. Rxd3 a4 17. Rc1 $14 {Brynell,S-Barkhagen,J/
Lindesberg 1993}) (11. d5 exd5 12. Nd4 Qe5 13. f4 Qf6 14. Nxc6 Bc5+ 15. Kh1
Qxc6 16. cxd5 Qb6 $13 {Kasymov,O-Chebotarev,O/Serpukhov 1999}) 11... O-O 12.
Ng5 $1 $14 {Timman,J-Bukic,E/Bugojno 1978/MCL} (12. Bd3)) 10... Qg6 11. Qd2 h6
12. Be3 Nf6 13. h3 Ne4 14. Qd3 f5 15. c4 $14 {Howard,E-Bracjunova,V/Herculane
1994}) 10. c4 {[%cal Gd4d5]} b6 11. d5 $5 Bb7 (11... exd5 $6 12. cxd5 Bb7 13.
Bb5 $1 (13. Nd4 Bc5 (13... O-O-O 14. Qa4 Kb8 15. Nc6+ Bxc6 16. dxc6 Nc5 17. Qc4
$13) 14. Nb5 O-O 15. Nxc7 Rad8 16. Nb5 Ne5 $44 {[%csl Rd5]}) 13... O-O-O 14.
Qa4 Nc5 15. Qxa7 Bxd5 16. Rd1 $36 {[%csl Rc8]}) 12. Nd4 ({Nothing promises} 12.
dxe6 Qxe6 13. Nd4 Qg6 14. Bf3 O-O-O 15. Bxb7+ Kxb7 16. Qf3+ c6 17. Bf4 Bc5 $13
{and black is doing o'kay.}) 12... Bc5 $1 (12... exd5 13. cxd5 Bxd5 $2 14. Nb5
$1 $18 {[%csl Rc7,Rd5]}) 13. Nb5 O-O 14. Nxc7 (14. dxe6 $2 fxe6 {[%csl Rf2]}
15. Qxd7 $6 Bxf2+ 16. Kh1 Qg6 17. Bf3 Rxf3 $1 $19) 14... Rad8 15. Nb5 (15. Qb3
$2 Qe5 $19 {[%cal Ge5c7,Ge5e2]}) 15... exd5 16. cxd5 Ne5 $44 {[%csl Rd5] The
advantage in development and weakness of white pawn on d5 compensate black for
the lack of pawn.} 17. Nc3 Bb4 $5 (17... Rfe8 $6 18. Be3 Bxe3 19. fxe3 Qd6 20.
e4 $16) 18. Qb3 Bxc3 19. Qxc3 Rxd5 (19... Bxd5 $5 20. f4 (20. Be3) 20... Qg6
21. Rf2 Nd7 (21... Ng4 $2 22. f5 Qh5 23. h3 $18 {[%cal Ge2h5]}) 22. f5 Qf6 23.
Qxf6 Nxf6 24. Bf4 Ne4 25. Rff1 Rfe8 $13) 20. Qg3 $5 Rd6 $6 (20... Rc8 $5 $15 {
[%cal Gc8c2]}) 21. Bxh6 $1 {[%csl Re5]} Qxh6 22. Qxe5 Rg6 $5 23. f3 (23. g3 Qh3
24. f3 Re6 25. Qb5 Rfe8 26. Bc4 Re5 27. Qb3 R8e7 $44) 23... Re6 24. Qb5 Qe3+
25. Rf2 Rd8 26. Qb3 Qc5 (26... Rd2 $2 27. Qxe3 Rxe3 28. Ba6 $1 $16) 27. Qc3 $5
$11 (27. Rd1 Rxd1+ 28. Qxd1 Rd6 $44) 27... Qxc3 28. bxc3 Rc6 29. Rc1 Rdc8 30.
Bd1 Rxc3 31. Rxc3 Rxc3 32. Rd2 Ba6 33. Bb3 1/2-1/2

[Event "EU-ch 2nd"]
[Site "Ohrid"]
[Date "2001.06.09"]
[Round "8"]
[White "Efimenko, Zahar"]
[Black "Blatny, Pavel"]
[Result "1-0"]
[WhiteElo "2439"]
[BlackElo "2547"]
[Annotator "Finkel,A"]
[PlyCount "135"]
[EventDate "2001.06.01"]
[EventType "swiss"]
[EventRounds "13"]
[EventCountry "YUG"]
[SourceTitle "CBM 084"]
[Source "ChessBase"]
[SourceDate "2001.09.13"]
[SourceVersion "1"]
[SourceVersionDate "2001.09.13"]
[SourceQuality "1"]

1. e4 e6 2. d4 d5 3. Nc3 dxe4 4. Nxe4 Be7 (4... Nd7 5. Nf3 Ngf6 6. Nxf6+ Nxf6
7. Bd3 Be7 8. Qe2 a6 (8... c5 9. dxc5 Qa5+ 10. Bd2 Qxc5 11. O-O-O Bd7 12. Ne5
Bc6 13. Nxc6 bxc6 $13 {Radulov,I-Happel,H/Berlin-West 1988/TD}) 9. Bg5 Nd5 10.
h4 Qd6 11. O-O-O Nf4 12. Bxf4 Qxf4+ 13. Kb1 Qd6 14. c3 $14 {Diaz,J-Hernandez,J/
Cienfuegos 1975/EXT}) 5. Nf3 Nf6 (5... Nd7 6. Bd3 Ngf6 7. Nxf6+ Nxf6 8. Qe2 a6
9. Bg5 h6 10. Bxf6 Bxf6 11. O-O-O Bd7 12. Ne5 Bxe5 13. dxe5 Bc6 $11 {Tresch,
R-Diesterweg,U/Worms 1992/GER}) 6. Bd3 Nxe4 7. Bxe4 Nd7 8. Qe2 Nf6 9. Bd3 a6 (
9... c5 10. dxc5 Qa5+ 11. Bd2 Qxc5 12. O-O-O O-O 13. Ne5 b6 14. g4 Bb7 15. g5
Nd5 16. Rhg1 $40 {Keres,P-Petrovs,V/Riga 1939/EXT 2001}) 10. Bd2 (10. c4 Bb4+
11. Bd2 Bxd2+ 12. Qxd2 b6 13. O-O Bb7 14. Qe3 O-O 15. Rad1 Qd6 16. Ne5 Rad8 17.
Bc2 $14 {Perunovic,M-Blasko,I/Balatonlelle 2000/CBM 77}) 10... b6 11. O-O Bb7
12. c4 O-O (12... c5 13. Bc3 O-O 14. dxc5 Bxc5 15. Rad1 Qc7 16. Ne5 Rad8 $132)
13. Bc3 Nd7 $6 {I don't understand the purpose of this move, but one thing is
for sure- this move is the sourse of black's problems. There was no reason not
to play typical c5 with complicated struggle.} (13... c5 14. dxc5 Bxc5 15. Rad1
Qc7 $13) 14. Rad1 Qc8 ({Now it's too late for c5:} 14... c5 $6 15. dxc5 (15. d5
exd5 16. cxd5 Nf6 17. Be4 Re8 $13) 15... Bxc5 16. Bxh7+ (16. Ne5 $6 Qg5 $13)
16... Kxh7 17. Qd3+ Kg8 18. Qxd7 Qxd7 19. Rxd7 $16) 15. d5 $1 $16 {[%cal Ge2e7]
} Nc5 16. Bc2 {[%cal Gb2b4]} a5 17. Qe5 f6 (17... Bf6 $2 18. Qh5 g6 19. Qh6
Bxc3 20. Ng5 $1 $18 {[%csl Rh7]}) 18. Qh5 f5 $8 (18... g6 19. Bxg6 hxg6 20.
Qxg6+ Kh8 21. Ng5 $1 $18) 19. Rfe1 Qe8 $8 20. Qh3 $1 (20. Qxe8 $6 Raxe8 21.
dxe6 Bxf3 22. gxf3 Bd6 23. Rd5 g6 $13) 20... b5 $5 {An attempt to complicate
the position} 21. Qg3 (21. dxe6 b4 22. Bd4 Ne4 23. Bxe4 Bxe4 24. Qg3 Bf6 25.
Bxf6 Rxf6 26. Ng5 Rg6 27. Qf4 $18) 21... Bf6 22. Bxf5 $5 (22. Bxf6 $5 Rxf6 23.
Qxc7 Rc8 24. Qxa5 bxc4 25. Qb4 $16) (22. dxe6 $1 $18) 22... Bxc3 23. Bxe6+ $1
Nxe6 24. Rxe6 Qf7 25. bxc3 bxc4 26. Qe5 Qf4 {Hoping to survive in the endgame.}
27. Qxf4 (27. Re7 Qxe5 28. Nxe5 Rae8 29. Rxc7 Rxe5 30. Rxb7 Re2 31. f3 Rxa2 32.
Re1 $18) 27... Rxf4 28. Re7 Rc8 29. Ng5 $1 Rf5 30. Ne6 Rf7 (30... Rxd5 31. Rxd5
Bxd5 32. Rxg7+ Kh8 33. Re7 Rb8 34. h4 Bxe6 35. Rxe6 Rb2 36. Rc6 Rxa2 37. Rxc4
$18) 31. Rxf7 Kxf7 32. Rd4 {[%csl Rc4,Rc7]} Kf6 (32... Bxd5 $2 33. Ng5+ Kg6 34.
Rxd5 $18) 33. Nc5 $1 Ba8 34. f3 Rd8 35. Rxc4 Bxd5 $6 ({More chanses of
survival would leave 35...Rd5:} 35... Rxd5 36. Ne4+ Kg6 37. Rxc7 $6 (37. Rc5 $6
Rd1+ 38. Kf2 Bxe4 39. fxe4 Rd2+ 40. Kf3 Rxa2 41. Rc6+ Kf7 42. Rxc7+ Kf6 $16)
37... Rd1+ 38. Kf2 Ra1 $16) 36. Rd4 Rd6 37. Ra4 Ke7 38. Rxa5 $18 {Now it's
over and the rest is easy technical job.} Bc4 39. Ne4 Rd1+ 40. Kf2 Ra1 41. Rc5
Rxa2+ 42. Ke3 Bf1 43. Rxc7+ Kf8 44. g4 Rxh2 45. Nd6 h5 (45... g5 46. Ke4 Rd2
47. Ke5 Rd3 48. Nf5 Rxf3 49. Ke6 $18 {[%csl Rf3,Rf8][%cal Gc7c8,Gc7f7]}) 46.
Rc8+ Ke7 47. Nf5+ Kf6 48. Ng3 {[%cal Gg3h5,Gg3f1]} hxg4 49. Nxf1 Rh3 50. Rf8+
Ke5 51. Kf2 gxf3 52. Rxf3 Rh6 53. Rg3 Rc6 54. Nd2 Rc7 55. Rd3 g5 56. c4 Kf4 57.
Rd4+ Kf5 58. Kf3 Rc5 59. Nf1 Ke5 60. Rg4 Rc8 61. Rxg5+ Kd4 62. Ne3 Rf8+ 63. Ke2
Kc3 64. Rg1 Re8 65. Rc1+ Kd4 66. Rd1+ Ke4 67. Kd2 Rf8 68. Kc3 1-0

[Event "FIDE World Cup"]
[Site "Khanty-Mansiysk"]
[Date "2005.11.28"]
[Round "1.2"]
[White "Kobalia, Mihail"]
[Black "Zhang, Zhong"]
[Result "1/2-1/2"]
[WhiteElo "2634"]
[BlackElo "2598"]
[Annotator "Finkel,A"]
[PlyCount "159"]
[EventDate "2005.11.27"]
[EventType "k.o."]
[EventRounds "7"]
[EventCountry "RUS"]
[SourceTitle "CBM 111"]
[Source "ChessBase"]
[SourceDate "2006.04.04"]
[SourceVersion "1"]
[SourceVersionDate "2006.04.04"]
[SourceQuality "1"]

1. e4 e6 2. d4 d5 3. Nd2 dxe4 4. Nxe4 Nd7 5. Nf3 Ngf6 6. Bd3 Nxe4 7. Bxe4 Nf6
8. Bg5 Qd6 9. Bxf6 gxf6 10. c3 Bg7 $6 {After the move in the game White keeps
a small, but long lasting advantage. It would be intersting to check out
White's intentions after 10...f5 as in none of the latest games White didn't
manage to get an opening advantage.} (10... f5 $5 11. Bc2 (11. Bd3 Bd7 12. Ne5
Bg7 13. Nxd7 Qxd7 14. O-O O-O-O 15. Be2 c5 16. dxc5 Qc6 $11 {Macieja,B-Luch,M/
Dzwirzyno 2004}) 11... Bd7 {[%cal Gd7c6]} 12. Ne5 Bg7 13. f4 Bxe5 14. fxe5 Qd5
15. Qf3 Bc6 16. Qxd5 Bxd5 17. O-O Ke7 $11 {Macieja,B-Anastasian,A/Stepanakert
2004}) (10... Bd7 11. Nd2 Bc6 12. Qf3 Be7 13. Nc4 Qd7 14. Bxc6 Qxc6 15. Qxc6+
bxc6 16. b4 $14 {Kharlov,A-Zakharevich,I/Novgorod 1999}) 11. Qe2 c6 12. Nd2 Bd7
13. O-O-O {A possible plan, but in my opinion it would be better to play} (13.
Nc4 $5 Qc7 14. O-O {as White is better prepared for the play with opposite
castles (the bishop has not much to do on g7), while castling kingside would
be met with f4.} (14. Qh5 $5)) 13... O-O-O 14. Kb1 Kb8 15. Qh5 Be8 16. Nc4 {
White has to prevent e5 at all cost, so it would be wrong to play} (16. g3 $6
f5 17. Bg2 f6 18. Qe2 e5 19. Nc4 Qe6 $13 {[%cal Ge8f7] and Black is doing fine.
}) 16... Qc7 17. g3 f5 18. Bc2 {Intending to transfer the bishop to b3 in
order to press on e6, but keeping the bishop on the diagonal a8-h1 as after
the inevitable ...c5 the bishop could be pretty influencial deserved attention.
} (18. Bg2) 18... f6 19. Qe2 Bg6 20. f4 {Making Black to forget about e5!} (20.
Qxe6 $4 Rhe8 $19) 20... Rhe8 21. Rhe1 Bf8 22. Qf2 (22. Rd3 $5 {[%csl Re6][%cal
Gd3e3,Gc2b3,Gc4d2] deserved attention:} c5 $140 $6 23. Ba4 Re7 24. dxc5 Rxd3
25. Qxd3 Qxc5 26. Qd8+ Qc8 27. Qd4 $16 {[%csl Rf6,Rg6]}) 22... a6 23. Ne3 Bf7
24. Bb3 Bg6 {[%cal Ge6e5] Insisting on e5.} 25. Ka1 h5 26. Ng2 Bf7 27. Nh4 {
[%csl Rh4]} Rd6 (27... c5 28. d5 $5 {[%csl Rf5]}) 28. Rd2 (28. Nf3) 28... c5
29. dxc5 ({May be it was about time to change the structure by} 29. d5 Red8 30.
Red1 exd5 (30... c4 31. dxe6 Bxe6 32. Bc2 $16) 31. Nxf5 R6d7 32. Qf3 c4 33. Ba4
b5 34. Bc2 $14 {[%csl Rd5,Rh5] and White is clearly better.}) 29... Rxd2 30.
Qxd2 Bxc5 31. Rd1 Kc8 $1 {[%cal Ge8d8]} 32. Qe2 Qc6 33. Re1 ({It was probably
better to keep a rook on the d-file.} 33. a3) 33... Re7 34. a3 b5 35. Nf3 Rd7
36. Nd4 Bxd4 37. cxd4 Rd6 (37... Rxd4 $2 38. Bxe6+ Bxe6 39. Qxe6+ Qxe6 40. Rxe6
$16 {[%csl Ra6,Rf5,Rf6]}) 38. Qe3 Kb8 39. Rd1 Qb6 40. Qc3 Qc7 41. Qb4 Qb6 42.
Qc3 Qc7 43. Qe3 (43. Qc5 $5 Kb7 (43... Qxc5 44. dxc5 Rxd1+ 45. Bxd1 e5 46. b4
Kc7 47. Kb2 $14) 44. Rc1 Qxc5 45. dxc5 Rd2 46. Rd1 $14) 43... Qb6 44. Rd3 a5
45. Rd1 Rd7 (45... b4) 46. Qd3 Rd6 47. Rc1 a4 $6 48. Qc3 Qd8 49. Ba2 Be8 $1 50.
Qc5 Bc6 51. Re1 $6 {Missing a chance to get serious winning chances after} (51.
d5 $1 exd5 52. Bb1 d4 53. Bxf5 $16 {[%csl Rb5,Rb8]}) 51... Qd7 52. Qb6+ Ka8 53.
Rc1 Be4 54. Qa5+ Kb7 55. Qc3 Rc6 $11 56. Qe3 Rxc1+ 57. Qxc1 Qxd4 58. Bxe6 Kb6
59. Bf7 Qf2 60. Qd1 Kc5 61. Qc1+ Kb6 62. Qd1 Kc5 63. Qc1+ Kd6 64. Qd1+ Ke7 65.
Bxh5 Qxh2 66. Be2 Bc6 67. Qe1 Kf7 68. Bd3 Bd7 69. Kb1 Qg2 70. Qe3 Qd5 71. Be2
Bc6 72. Kc2 Kg6 73. Qd3 Qc5+ 74. Kd2 Be4 75. Qd8 Qc2+ 76. Ke1 Qc1+ 77. Kf2 Qc5+
78. Kf1 Qc1+ 79. Kf2 Qc5+ 80. Kf1 1/2-1/2

[Event "EU-ch 2nd"]
[Site "Ohrid"]
[Date "2001.06.02"]
[Round "2"]
[White "Luther, Thomas"]
[Black "Gurevich, Mikhail"]
[Result "1/2-1/2"]
[WhiteElo "2568"]
[BlackElo "2688"]
[Annotator "Finkel,A"]
[PlyCount "66"]
[EventDate "2001.06.01"]
[EventType "swiss"]
[EventRounds "13"]
[EventCountry "YUG"]
[SourceTitle "CBM 084"]
[Source "ChessBase"]
[SourceDate "2001.09.13"]
[SourceVersion "1"]
[SourceVersionDate "2001.09.13"]
[SourceQuality "1"]

1. e4 e6 2. d4 d5 3. Nc3 dxe4 4. Nxe4 Nd7 5. Nf3 Ngf6 6. Bg5 h6 7. Nxf6+ Nxf6
8. Bh4 c5 9. Bc4 a6 (9... cxd4 10. O-O (10. Qxd4 Qxd4 11. Nxd4 a6 12. a4 Bd7
13. f3 Rc8 14. Bb3 Bc5 15. O-O-O Rd8 $11 {Dutreeuw,M-Arkhipov,S/Miskolc 1990/1/
2-1/2 (75)}) 10... Bc5 (10... Be7 11. Qe2 O-O (11... a6 12. Rad1 b5 $6 13. Bb3
Nd7 $6 (13... Bb7 14. Nxd4 Qb6 15. Rd3 Rd8 16. Rfd1 O-O 17. Nf5 $14) 14. Qe4 $1
$16 {Morozevich,A-Ulibin,M/Maikop 1998/CBM 66/[Finkel,A]}) 12. Rad1 Qb6 13.
Rxd4 Qxb2 14. Rfd1 b5 15. Bb3 Bb7 $13 {Al Modiahki,M-Radjabov,T/Open 1999}) 11.
Qe2 O-O 12. Rad1 Qb6 13. Bxf6 gxf6 14. Nxd4 Qxb2 15. Rd3 $40 {[%cal Gd3g3,
Ge2h5] Kling,T-Vuksanovic,S/Erevan olw 1996}) 10. O-O (10. Qe2 b5 11. Bd3 g5
12. Bg3 c4 13. Be4 Nxe4 14. Qxe4 Qd5 15. Qxd5 exd5 $13 {Svidler,P-Bareev,E/
Wydra mem rapidplay 2000}) 10... Be7 11. Bb3 $5 (11. a4 O-O 12. Qe2 cxd4 13.
Rad1 Qb6 14. b3 (14. Rxd4 Qxb2 15. Rfd1 b5 16. axb5 axb5 17. Bxb5 Bb7 $15 {
Nataf,I-Hracek,Z/Istanbul 2000/EXT 2001}) 14... Bd7 15. Nxd4 Rfe8 $1 16. Nf3
Red8 17. Ne5 Be8 $11 {Bologan,V-Gurevich,M/Saint Pierre 2000/CBM 80/[Finkel,A]}
) 11... cxd4 12. Nxd4 O-O 13. Re1 Bc5 (13... Qd6 14. c3 Bd7 15. Qe2 {[%csl Re7]
[%cal Gd4f5]} Qf4 16. Bg3 Qg5 17. Rad1 $14) 14. c3 Bd7 15. Rc1 $5 {[%cal Gc1c2,
Gc2d2] Quiet unusual idea! I can't remember any other game in French defense
where white rook from a1 comes to d2 via c2! I must admit that this idea is
not only original, but quiet strong as well- white gets certain opening
advantage.} (15. Qe2 Bxd4 16. cxd4 Bc6 17. Rad1 $14) 15... Re8 16. Rc2 Bxd4 {
It's hard to come up with something else.} 17. Qxd4 Bc6 18. Rd2 $6 (18. Qe3 $1
Nd5 19. Qd4 Qb6 20. Qg4 $14) 18... Qxd4 19. Rxd4 Rad8 20. Red1 Rxd4 21. Rxd4 g5
22. Bg3 e5 23. Rd1 Kg7 (23... Ne4 $5 24. Bd5 Kg7 25. Bxc6 (25. Bxe4 Bxe4 26.
Re1 Bd5 $11) 25... bxc6 26. f3 Nxg3 27. hxg3 e4 $11) 24. f3 e4 25. fxe4 Nxe4
26. Bc7 Nc5 27. Bc4 f6 {[%cal Gc5e6,Ge6f4]} 28. b3 (28. Kf2 Ne4+ 29. Kf1 f5 $11
) 28... Ne6 29. Bd6 Nf4 30. Bxf4 gxf4 31. Bd5 (31. Kf2 $5) 31... Re2 32. Bxc6
bxc6 33. Rd6 Rxa2 1/2-1/2